000 00579nam a2200241Ia 4500
005 20260306150713.0
008 008 260114s9999 xx 000 0 eng d
020 _a9789400604308
037 _aEbook
040 _aCRL
040 _beng
040 _cCRL
041 _2eng
041 _aeng
084 _qCRL
245 0 _aCamering: Fernand Deligny on Cinema and the Image
260 _bLeiden University Press
260 _c2022
650 _aMedicine
856 _uhttps://www.degruyter.com/isbn/9789400604308
942 _cEBOOK
999 _c1698922
_d1698922